Представление документа в формате RUSMARC

ПолеНазваниеЗначение
  Тип записи a
  Библиографический уровень m
001 Контрольный номер RU/УОНБ/EK/680718991
005 Дата корректировки 20250520122611.0
010 Индекс ISBN __
d Цена 75 к.
9 Тираж 100000 экз.
b Уточнения в пер.
100 Данные общей обработки __
a Данные общей обработки 20210727d1987 u y0rusy0189||||ca
101 Язык документа 0_
a Язык текста rus
102 Страна публикации __
a Страна публикации RU
105 Кодированные данные (монография) __
a Кодированные данные (монография) a z 000yy
200 Заглавие и сведения об ответственности 1_
a Заглавие Когда поют солдаты
e Сведения, относящиеся к заглавию современ. самодеят. песен. творчество сов. воинов, выполняющих интерн. долг в Афганистане
e Сведения, относящиеся к заглавию сборник
f Первые сведения об ответственности запись текстов, сост. и вступ. ст. П.И. Ткаченко
210 Выходные данные 1_
a Место издания Москва
c Издательство Мол. гвардия
d Дата издания 1987
215 Физическое описание __
a Объем 175 с.
c Иллюстрации/тип воспроизводства ил., цв. ил.
d Формат 17 см
606 Тематические рубрики 0_
a Основная рубрика Песни Советской Армии самодеятельные (х. л.)
610 Ключевые слова 0_
a Ключевые слова песни армейские
610 Ключевые слова 0_
a Ключевые слова сборник песен
686 Индексы других классификаций __
a Классификационный индекс 85.319.41
2 Код системы rubbk
702 Вторичная интеллектуальная ответственность _1
a Фамилия Ткаченко
b Имя (инициалы) П.И.
4 Код отношения 220
4 Код отношения 080
801 Источник записи _0
a Страна RU
b Организация Ульяновская ОНБ
c Дата составления 20210727
g Правила каталогизации RCR
801 Источник записи _1
a Страна RU
b Организация Ульяновская ОНБ
c Дата составления 20210727
g Правила каталогизации RCR
901 Тип документа __
t Тип документа m
909 Создатель записи __
a Создатель записи Еленко
938 Служебная информация __
a Имя БД retro
b Имя библиотеки УОНБ
c Имя АИБС МАРК-SQL
d Номер DOC_ID в БД 373346